000 00303nam a22001337a 4500
008 170601b xxu||||| |||| 00| 0 eng d
020 _a0881337439
041 _aeng
080 _22ND
_a94
100 _a17
101 _aSHH
245 _aPATTERNS OF PRIMATE BEHAVIOR
_cBRAMBLETT,C.A
942 _2udc
_cBK
999 _c15215
_d15215